000 02529cgm a2200589Ka 4500
001 39413
005 20230410123842.0
007 vd bvaiz|
008 040616p20041969ir 100 g vlper d
035 _a(OCoLC)ocm55662031
040 _aTEFMT
_cTEFMT
_dTEF
_dGK8
_dOCLCQ
_dOCL
_dLML
_dOCLCA
024 1 0 _a720229911122
028 4 2 _aFRF 911122D
_bFirst Run Features
035 _a(OCoLC)55662031
041 0 _aper
_beng
050 1 4 _aCM DVD 00852
082 0 4 _a791.43/72
_222
049 _aGRAL
245 0 0 _aGaav
_h[videorecording] =
_bThe cow /
_cscreenplay, Gholam-Hossein Saeedi, Darius Mehrjui ; director, Darius Mehrjui.
246 1 _iDisc label title:
_aCow
260 _a[New York] :
_bFirst Run Features,
_c[2004?]
300 _a1 videodisc (100 min.) :
_bsd., b&w ;
_c4 3/4 in.
440 0 _aGreat directors of the world
538 _aDVD, Region 1.
500 _aCredits from English subtitles; some credits and series from container.
546 _aIn Farsi with English subtitles.
511 1 _aEzat-Ollah Entezami, Jamshid Mashayekhi, Ali Nasirian, Esmat Safavi, Jafar Vali, Mahin Shahabi.
508 _aDirector of photography, Fireidoon Ghovanloo ; editing, Dariush Mehrjui and Zani Khalaj ; music, Hormoz Farhat.
500 _aOriginally produced as an Iranian motion picture in 1969.
500 _aBased on the play by Gholam-Hossein Saedi.
520 _a"In a small village in Iran, Hassan cherishes his cow more than anything in the world. While he is away, the cow mysteriously dies, and the villagers protectively try to convince Hassan the cow has wandered off. Grief stricken, Hassan begins to believe he is his own beloved bovine"--Container.
500 _aBonus features: interview with Dariush Mehrjui; film notes by Godfrey Cheshire; director biography; photo gallery.
650 0 _aCows
_vDrama.
650 0 _aGrief
_vDrama.
650 0 _aImagination
_vDrama.
651 0 _aIran
_xSocial life and customs
_vDrama.
650 0 _aRural poor
_zIran
_vDrama.
650 0 _aFeature films.
650 0 _aForeign films.
650 0 _aMotion pictures, Iranian.
700 1 _aMihrjåu®åi, Dåariyåush.
700 1 _aIntiòzåamåi, °Izzat Allåah,
_d1924-
700 1 _aMashayekhi, Jamshid.
700 1 _aNaòsåiriyåan, °Alåi,
_d1934 or 5-
700 1 _aSafavi, Esmat.
700 1 _aVali, Jafar.
700 1 _aSåa°idåi, Ghulåam òHusayn.
700 1 _aFarhat, Hormoz.
710 2 _aFirst-Run Features (Firm)
942 _2lcc
_cdvd
994 _aC0
_bDRFGD
999 _c67271
_d67271